Biblical Names of the Devil - Statistics

General Stats
  • This quiz has been taken 133 times
  • The average score is 11 of 20
Answer Stats
Question Answer % Correct
Satan Yes
92%
Devil Yes
78%
Adramelech No
72%
Beelzebul / Beelzebub Yes
72%
The Father of Lies Yes
72%
The Tempter Yes
69%
Baphomet No
64%
The Great Dragon Yes
64%
Mephistopheles No
58%
The Horned One No
58%
Mammon No
58%
Astaroth No
56%
Behemoth No
56%
Abaddon / Apollyon No
53%
Asmodeus No
47%
Ba'al No
44%
The Prince of Darkness No
42%
Antichrist No
39%
The Lord of Flies Yes
17%
Lucifer No
14%
No matching quizzes found
Score Distribution
Percent of People with Each Score
Percentile by Number Answered
Your Score History
You have not taken this quiz